<?xml version="1.0" encoding="UTF-8"?><?xml-stylesheet type="text/xsl" href="static/style.xsl"?><OAI-PMH xmlns="http://www.openarchives.org/OAI/2.0/" xmlns:xsi="http://www.w3.org/2001/XMLSchema-instance" xsi:schemaLocation="http://www.openarchives.org/OAI/2.0/ http://www.openarchives.org/OAI/2.0/OAI-PMH.xsd"><responseDate>2026-04-17T17:19:30Z</responseDate><request verb="GetRecord" identifier="oai:www.recercat.cat:11351/13473" metadataPrefix="marc">https://recercat.cat/oai/request</request><GetRecord><record><header><identifier>oai:recercat.cat:11351/13473</identifier><datestamp>2025-10-23T14:26:08Z</datestamp><setSpec>com_2072_378071</setSpec><setSpec>com_2072_378040</setSpec><setSpec>col_2072_378097</setSpec></header><metadata><record xmlns="http://www.loc.gov/MARC21/slim" xmlns:dcterms="http://purl.org/dc/terms/" xmlns:xsi="http://www.w3.org/2001/XMLSchema-instance" xmlns:doc="http://www.lyncode.com/xoai" xsi:schemaLocation="http://www.loc.gov/MARC21/slim http://www.loc.gov/standards/marcxml/schema/MARC21slim.xsd">
   <leader>00925njm 22002777a 4500</leader>
   <datafield ind2=" " ind1=" " tag="042">
      <subfield code="a">dc</subfield>
   </datafield>
   <datafield ind2=" " ind1=" " tag="720">
      <subfield code="a">GARCÍA-COBOS, SILVIA</subfield>
      <subfield code="e">author</subfield>
   </datafield>
   <datafield ind2=" " ind1=" " tag="720">
      <subfield code="a">Seco Alberca, Natalia</subfield>
      <subfield code="e">author</subfield>
   </datafield>
   <datafield ind2=" " ind1=" " tag="720">
      <subfield code="a">Casquero-Garcia, Veronica</subfield>
      <subfield code="e">author</subfield>
   </datafield>
   <datafield ind2=" " ind1=" " tag="720">
      <subfield code="a">Calvo, Cristina</subfield>
      <subfield code="e">author</subfield>
   </datafield>
   <datafield ind2=" " ind1=" " tag="720">
      <subfield code="a">Martínez-López, Miguel Ángel</subfield>
      <subfield code="e">author</subfield>
   </datafield>
   <datafield ind2=" " ind1=" " tag="720">
      <subfield code="a">Bravo-Queipo-de-Llano, Blanca</subfield>
      <subfield code="e">author</subfield>
   </datafield>
   <datafield ind2=" " ind1=" " tag="720">
      <subfield code="a">Ramirez de Arellano, Eva</subfield>
      <subfield code="e">author</subfield>
   </datafield>
   <datafield ind2=" " ind1=" " tag="720">
      <subfield code="a">VIÑADO, BELEN</subfield>
      <subfield code="e">author</subfield>
   </datafield>
   <datafield ind2=" " ind1=" " tag="720">
      <subfield code="a">Larrosa, María Nieves</subfield>
      <subfield code="e">author</subfield>
   </datafield>
   <datafield ind2=" " ind1=" " tag="720">
      <subfield code="a">Melendo, Susana</subfield>
      <subfield code="e">author</subfield>
   </datafield>
   <datafield ind2=" " ind1=" " tag="260">
      <subfield code="c">2025-08-04T12:42:26Z</subfield>
   </datafield>
   <datafield ind2=" " ind1=" " tag="260">
      <subfield code="c">2025-08-04T12:42:26Z</subfield>
   </datafield>
   <datafield ind2=" " ind1=" " tag="260">
      <subfield code="c">2025-05-09</subfield>
   </datafield>
   <datafield ind2=" " ind1=" " tag="520">
      <subfield code="a">Staphylococcus aureus; Community-associated infections; Skin and soft tissue infections</subfield>
   </datafield>
   <datafield ind2=" " ind1=" " tag="520">
      <subfield code="a">Staphylococcus aureus; Infecciones asociadas a la comunidad; Infecciones de piel y tejidos blandos</subfield>
   </datafield>
   <datafield ind2=" " ind1=" " tag="520">
      <subfield code="a">Staphylococcus aureus; Infeccions associades a la comunitat; Infeccions de la pell i dels teixits tous</subfield>
   </datafield>
   <datafield ind2=" " ind1=" " tag="520">
      <subfield code="a">Objectives: Staphylococcus aureus is one of the most common human pathogens causing skin and soft tissue infections (SSTIs) among children. This study investigated the molecular traits of community-associated methicillin-resistant S. aureus (CA-MRSA) isolates causing infections in children in Spain.&#xd;
Methods: Antibiotic susceptibility testing and whole-genome sequencing were performed in 98 CA-MRSA isolates (4.2 median age, 52% males). The phylogenetic relationship, antibiotic resistance, virulence, and plasmid replicon genes content were investigated.&#xd;
Results: Resistance rates were found as follows: Erythromycin, 42.9%, which could be explained due to the presence of erm(C), mph(C), and msr(A) genes; tobramycin, 27.5%, which could be explained due to the presence of aac(6′)-Ie/aph(2″)-Ia and aadD1 genes; tetracycline, 25.5%, which could be explained mainly due to the presence of tet(K) genes; levofloxacin and moxifloxacin, 19.4%, which could be explained primarily due to the mutations in gyrA and parC genes; and gentamicin, 15.3%, which could be explained due to the presence of aac(6′)-Ie/aph(2″)-Ia gene. The most prevalent lineage was ST8-IVc and t008. Most isolates were genetically diverse, except for three groups of isolates from the same hospital and one group of isolates from different hospitals. These had less than or equal to 5 allele differences by core-genome multilocus sequence typing (cgMLST) analysis or 0–6 core single-nucleotide polymorphisms (SNPs) by core-genome SNP-based analysis. Phage-encoded Panton–Valentine leukocidin (PVL) genes were found in 75.5% of the isolates. Other common virulence genes were related to adhesion (capA and capP), lipid degradation (geh), hemolysis (hlb, hld, hlgABC, and hly/hla), and tissue destruction (sspAB).&#xd;
Conclusion: This study observed a high genetic diversity among CA-MRSA isolates causing community-acquired infections in children in Spain, with ST8-IVc as the most prevalent lineage. Nevertheless, genetic relatedness of some isolates from the same as well as different hospitals suggests the dissemination of CA-MRSA among children by contact.</subfield>
   </datafield>
   <datafield ind2=" " ind1=" " tag="520">
      <subfield code="a">The author(s) declare that financial support was received for the research and/or publication of this article. This study was supported by the Spanish Ministry of Science and Innovation, Instituto de Salud Carlos III (ISCIII) and the European Regional Development Funds (grant number: PI23CIII/00917); the Consorcio Centro de Investigación Biomédica en Red (CIBER); Instituto de Salud Carlos III, Ministerio de Ciencia e Innovación; and Unión Europea-NextGenerationEU (CB21/13/00095, CB21/13/00025, CB21/13/00054, and CB21/13/00099). SG-C was supported by the Dirección General de Investigación e Innovación, Consejería de Educación e Investigación, Comunidad de Madrid (CAM), and the Instituto de Salud Carlos III (ISCIII) (grant numbers: 2018-T1/BMD-11174 and 2022-5A/BMD-24243; Research Talent Attraction Program – Modality 1). BB-Q-d-L was supported by the Instituto de Salud Carlos III and the European Union (grant number: CM23/00057; Río Hortega Program).</subfield>
   </datafield>
   <datafield tag="653" ind2=" " ind1=" ">
      <subfield code="a">Infants</subfield>
   </datafield>
   <datafield tag="653" ind2=" " ind1=" ">
      <subfield code="a">Genomes microbials</subfield>
   </datafield>
   <datafield tag="653" ind2=" " ind1=" ">
      <subfield code="a">Estafilococs daurats</subfield>
   </datafield>
   <datafield tag="653" ind2=" " ind1=" ">
      <subfield code="a">Infeccions per estafilococs daurats</subfield>
   </datafield>
   <datafield tag="653" ind2=" " ind1=" ">
      <subfield code="a">Pell - Infeccions</subfield>
   </datafield>
   <datafield tag="653" ind2=" " ind1=" ">
      <subfield code="a">Resistència a la meticil·lina</subfield>
   </datafield>
   <datafield tag="653" ind2=" " ind1=" ">
      <subfield code="a">Microorganismes - Resistència als medicaments</subfield>
   </datafield>
   <datafield tag="653" ind2=" " ind1=" ">
      <subfield code="a">PHENOMENA AND PROCESSES::Genetic Phenomena::Genetic Structures::Genome::Genome, Microbial::Genome, Bacterial</subfield>
   </datafield>
   <datafield tag="653" ind2=" " ind1=" ">
      <subfield code="a">ORGANISMS::Bacteria::Endospore-Forming Bacteria::Gram-Positive Endospore-Forming Bacteria::Gram-Positive Endospore-Forming Rods::Staphylococcaceae::Staphylococcus::Staphylococcus aureus</subfield>
   </datafield>
   <datafield tag="653" ind2=" " ind1=" ">
      <subfield code="a">DISEASES::Bacterial Infections and Mycoses::Infection::Community-Acquired Infections</subfield>
   </datafield>
   <datafield tag="653" ind2=" " ind1=" ">
      <subfield code="a">NAMED GROUPS::Persons::Age Groups::Child</subfield>
   </datafield>
   <datafield tag="653" ind2=" " ind1=" ">
      <subfield code="a">ORGANISMS::Bacteria::Endospore-Forming Bacteria::Gram-Positive Endospore-Forming Bacteria::Gram-Positive Endospore-Forming Rods::Staphylococcaceae::Staphylococcus::Staphylococcus aureus::Methicillin-Resistant Staphylococcus aureus</subfield>
   </datafield>
   <datafield tag="653" ind2=" " ind1=" ">
      <subfield code="a">DISEASES::Bacterial Infections and Mycoses::Bacterial Infections::Gram-Positive Bacterial Infections::Staphylococcal Infections::Staphylococcal Skin Infections</subfield>
   </datafield>
   <datafield tag="653" ind2=" " ind1=" ">
      <subfield code="a">FENÓMENOS Y PROCESOS::fenómenos genéticos::estructuras genéticas::genoma::genoma microbiano::genoma bacteriano</subfield>
   </datafield>
   <datafield tag="653" ind2=" " ind1=" ">
      <subfield code="a">ORGANISMOS::Bacteria::bacterias formadoras de endosporas::bacterias grampositivas formadoras de endosporas::bacilos grampositivos formadores de endosporas::Staphylococcaceae::Staphylococcus::Staphylococcus aureus</subfield>
   </datafield>
   <datafield tag="653" ind2=" " ind1=" ">
      <subfield code="a">ENFERMEDADES::infecciones bacterianas y micosis::infección::infecciones adquiridas en la comunidad</subfield>
   </datafield>
   <datafield tag="653" ind2=" " ind1=" ">
      <subfield code="a">DENOMINACIONES DE GRUPOS::personas::Grupos de Edad::niño</subfield>
   </datafield>
   <datafield tag="653" ind2=" " ind1=" ">
      <subfield code="a">ORGANISMOS::Bacteria::bacterias formadoras de endosporas::bacterias grampositivas formadoras de endosporas::bacilos grampositivos formadores de endosporas::Staphylococcaceae::Staphylococcus::Staphylococcus aureus::Staphylococcus aureus resistente a meticilina</subfield>
   </datafield>
   <datafield tag="653" ind2=" " ind1=" ">
      <subfield code="a">ENFERMEDADES::infecciones bacterianas y micosis::infecciones bacterianas::infecciones por bacterias grampositivas::infecciones estafilocócicas::infecciones cutáneas estafilocócicas</subfield>
   </datafield>
   <datafield ind2="0" ind1="0" tag="245">
      <subfield code="a">Genomic analysis of community-associated methicillin-resistant Staphylococcus aureus (CA-MRSA) causing infections in children—a Spanish multicenter study</subfield>
   </datafield>
</record></metadata></record></GetRecord></OAI-PMH>